Principles of extractive metallurgy / (Record no. 60669)

000 -LEADER
fixed length control field 00977nam a2200277 a 4500
001 - CONTROL NUMBER
control field 3277771
003 - CONTROL NUMBER IDENTIFIER
control field NUST-PNEC
005 - DATE AND TIME OF LATEST TRANSACTION
control field 20170116180704.0
008 - FIXED-LENGTH DATA ELEMENTS--GENERAL INFORMATION
fixed length control field 830302s1983 nyua b 001 0 eng
010 ## - LIBRARY OF CONGRESS CONTROL NUMBER
LC control number 82007146
020 ## - INTERNATIONAL STANDARD BOOK NUMBER
International Standard Book Number 8251919223
040 ## - CATALOGING SOURCE
Original cataloging agency DLC
Transcribing agency PNEC
050 00 - LIBRARY OF CONGRESS CALL NUMBER
Classification number TN665
Item number .R698 1983
082 00 - DEWEY DECIMAL CLASSIFICATION NUMBER
Classification number 669 ROS
Edition number 19
100 1# - MAIN ENTRY--PERSONAL NAME
Personal name Rosenqvist, Terkel.
245 10 - TITLE STATEMENT
Title Principles of extractive metallurgy /
Statement of responsibility, etc. Terkel Rosenqvist.
250 ## - EDITION STATEMENT
Edition statement 2nd ed.
260 ## - PUBLICATION, DISTRIBUTION, ETC.
Place of publication, distribution, etc. Trondheim
Name of publisher, distributor, etc. Tapir Academic Press
Date of publication, distribution, etc. c2004
300 ## - PHYSICAL DESCRIPTION
Extent xxi, 506 p. :
Other physical details ill. ;
Dimensions 23 cm.
440 #0 - SERIES STATEMENT/ADDED ENTRY--TITLE
Title McGraw-Hill series in materials science and engineering
500 ## - GENERAL NOTE
General note Includes Index http://www.amazon.com/Principles-Extractive-Metallurgy-Terkel-Rosenqvist/dp/8251919223/ref=sr_1_1?s=books&ie=UTF8&qid=1410943432&sr=1-1&keywords=8251919223
504 ## - BIBLIOGRAPHY, ETC. NOTE
Bibliography, etc. note Includes bibliographies and index.
650 #0 - SUBJECT ADDED ENTRY--TOPICAL TERM
Topical term or geographic name entry element Metallurgy.
General subdivision ME
906 ## - LOCAL DATA ELEMENT F, LDF (RLIN)
a 7
b cbc
c orignew
d 1
e ocip
f 19
g y-gencatlg
942 ## - ADDED ENTRY ELEMENTS (KOHA)
Source of classification or shelving scheme
Koha item type Book
Holdings
Withdrawn status Lost status Source of classification or shelving scheme Damaged status Not for loan Permanent Location Current Location Shelving location Date acquired Source of acquisition Cost, normal purchase price Total Checkouts Full call number Barcode Date last seen Cost, replacement price Price effective from Koha item type
          Pakistan Navy Engineering College (PNEC) Pakistan Navy Engineering College (PNEC) Reference 05/07/2005 Global Link Information 5032.00   669 ROS PNECLIB-027530 09/17/2014 5032.00 05/07/2005 Book
          Pakistan Navy Engineering College (PNEC) Pakistan Navy Engineering College (PNEC)           669 ROS PNECLIB-010317 10/04/2015     Book
© 2023 Central Library, National University of Sciences and Technology. All Rights Reserved.